000 00751nam a22002417a 4500
005 20170124110222.0
010 _aB-192004
020 _c00.00
_a0070601437
035 _aB-192004
037 _bCen Lib/Ret
040 _aDPL
_bEN
082 _a621.3
_bGIB
100 _aGiblisco, Stan
_940106
245 _aElectricity demysttified /
_cby Stan Giblisco
260 _aNew Delhi
_bTata McGraw Hill Publishing Company
_c2005
270 _bNew Delhi
_e110008
_a7 wset patel nagar
300 _axii, 338p.
_c23cm(pbk)
490 _aResearches in management in asia series
500 _aIncludes appendix and index
650 _aComputer science
_940107
650 _aElectricity
_919908
942 _2ddc
_cEN
_h621.3
_mGIB
999 _c134214
_d134214